Erase Asia by Capital Quiz Stats

 Plays Quiz Updated Mar 28, 2019

Score 0/49 Timer 06:00
80 Plays Today
% Correct
???
42.8%
???
42.5%
???
42.5%
???
42.5%
???
41.7%
???
40.8%
???
39.6%
???
38.8%
???
38.6%
???
38.4%
???
38.3%
???
38.3%
???
37.6%
???
37.5%
???
37.4%
???
37.4%
???
37.3%
???
37%
???
36.7%
???
36.5%
???
36.4%
???
35.8%
???
35.7%
???
35.2%
???
33.5%
% Correct
???
33.4%
???
32.9%
???
32.9%
???
30.5%
???
29.6%
???
29.4%
???
29.1%
???
28.9%
???
28.9%
???
28.4%
???
28.2%
???
26.5%
???
26.2%
???
25.6%
???
25%
???
24.9%
???
24.8%
???
24.5%
???
24.1%
???
21.4%
???
20.8%
???
20.4%
???
18.5%
???
16.9%

You're not logged in!

Compare scores with friends on all Sporcle quizzes.
OR
Log In

You Might Also Like...

Show Comments

Extras

Top Quizzes Today


Score Distribution

Your Account Isn't Verified!

In order to create a playlist on Sporcle, you need to verify the email address you used during registration. Go to your Sporcle Settings to finish the process.

Report this User

Report this user for behavior that violates our Community Guidelines.

Details: